000 00550nam a2200169 4500
001 121182
003 ES-MaACL
005 20230906191715.0
007 t|
008 070214s1963 sp r ||||1| spa d
100 1 _aPont Mestres, Magin.
_993043
245 1 0 _aAnálisis y aplicación del arbitrio de radiación /
_cMagín Pont Mestres, Antonio Lancuentra Buerba.
260 _aBarcelona :
_bLinomonograph,
_c1963.
300 _a132 p. ;
_c24 cm +
_e2 maps.
700 1 _aLancuentra Buerba, Antonio.
_969909
852 _aES-MaACL
_jC-26290
_bR.51628
999 _c121182
_d121182